000
00298nam a22001337a 4500
041
_a
English
082
_a
248 PRA
100
_a
Prabhakar, Samson
245
_a
Reflections on Spirituality
260
_a
Bangalore
_b
Samson Prabhaker
_c
2006
300
_a
50
650
_a
Spirituality
942
_c
BK
999
_c
20945
_d
20945